[Event "FAI-chT2 1415"]
[Site "Faroe Islands"]
[Date "2014.10.26"]
[Round "1.4"]
[White "Justinussen, Jeffri"]
[Black "Dimun, Janus Ur"]
[Result "1-0"]
[WhiteElo "1535"]
[BlackElo "1258"]
[PlyCount "121"]
[EventDate "2014.10.26"]
[EventType "team-tourn"]
[EventRounds "10"]
[EventCountry "FAI"]
[SourceTitle "CBM 163 Extra"]
[Source "ChessBase"]
[SourceDate "2014.12.23"]
[SourceVersion "1"]
[SourceVersionDate "2014.12.23"]
[SourceQuality "1"]
[WhiteTeam "Havnin II"]
[BlackTeam "Havnin III"]
[WhiteTeamCountry "FAI"]
[BlackTeamCountry "FAI"]

1. e4 e5 2. Nf3 Nc6 3. Bc4 Bc5 4. c3 Nf6 5. d4 exd4 6. cxd4 Bb4+ 7. Nc3 0-0 8. e5 Ne4 9. Qc2 Nxc3 10. bxc3 Be7 11. 0-0 d5 12. exd6 cxd6 13. Bd3 g6 14. h3 Be6 15. c4 Nb4 16. Qc3 Nxd3 17. Qxd3 Rc8 18. Nd2 b6 19. Re1 d5 20. cxd5 Qxd5 21. Nf3 Bf5 22. Qb3 Qxb3 23. axb3 Bb4 24. Re3 a5 25. Ba3 Bxa3 26. Rxa3 Rc1+ 27. Kh2 Rd1 28. Rc3 Be4 29. Ra4 Rd8 30. Ng5 Bb7 31. Nxf7 R8xd4 32. Nh6+ Kf8 33. Rxd4 Rxd4 34. Rc7 Bd5 35. Rd7 b5 36. Ra7 Bxb3 37. Rxa5 Bc4 38. Ra8+ Kg7 39. Ng4 Re4 40. Ra7+ Bf7 41. Rb7 b4 42. f3 Rf4 43. Ne5 b3 44. Nxf7 Rxf7 45. Rxb3 h5 46. Kg3 Kh6 47. h4 Kg7 48. Rb6 Kh6 49. f4 Rf5 50. Rb8 Kg7 51. Rb7+ Kh6 52. Re7 Rf6 53. Re5 Rf5 54. Kf3 Kg7 55. Rxf5 gxf5 56. Ke3 Kf6 57. Kd4 Ke6 58. Kc5 Ke7 59. Kd5 Kf6 60. Kd6 Kf7 61. Ke5 1-0

[Event "FAI-chT2 1213"]
[Site "Faroe Islands"]
[Date "2013.03.09"]
[Round "10.4"]
[White "Justinussen, Jeffri"]
[Black "Dam, Vagnur"]
[Result "1-0"]
[WhiteElo "1643"]
[BlackElo "1674"]
[PlyCount "127"]
[EventDate "2012.10.28"]
[EventType "team-tourn"]
[EventRounds "10"]
[EventCountry "FAI"]
[SourceTitle "EXT 2014"]
[Source "ChessBase"]
[SourceDate "2013.11.20"]
[SourceVersion "1"]
[SourceVersionDate "2013.11.20"]
[SourceQuality "1"]
[WhiteTeam "Havnin III"]
[BlackTeam "Rokur"]
[WhiteTeamCountry "FAI"]
[BlackTeamCountry "FAI"]

1. e4 e6 2. Nf3 d5 3. exd5 exd5 4. d4 Bd6 5. h3 Ne7 6. Bd3 Bf5 7. Nc3 c6 8. 0-0 0-0 9. Re1 Bxd3 10. Qxd3 f6 11. Ne2 Qd7 12. Bf4 Ng6 13. Bxd6 Qxd6 14. Ng3 Na6 15. Re3 Rfe8 16. Rae1 Qd7 17. Qf5 Qf7 18. c3 Nc7 19. h4 Rxe3 20. Rxe3 Re8 21. Rxe8+ Qxe8 22. h5 Nf8 23. h6 Qe6 24. hxg7 Nd7 25. Qh5 Ne8 26. Nf5 Nxg7 27. Nxg7 Kxg7 28. Nh4 Nf8 29. Nf5+ Kh8 30. Ne3 Ng6 31. Qh2 Qc8 32. g4 Kg7 33. Nf5+ Kg8 34. Qd6 Kf7 35. f3 a6 36. Kf2 a5 37. Kg3 a4 38. Qxd5+ cxd5 39. Nd6+ Ke6 40. Nxc8 Nf8 41. Nb6 a3 42. b3 Kd6 43. Kf4 Ne6+ 44. Ke3 Ng5 45. Na4 Ne6 46. c4 Nc7 47. c5+ Ke6 48. Nc3 Na6 49. Nb5 Nb4 50. Nxa3 Nxa2 51. Nb5 Nc1 52. Nc7+ Kf7 53. b4 Kg6 54. Nxd5 Kg5 55. Ne7 Na2 56. d5 Nxb4 57. d6 f5 58. d7 f4+ 59. Ke2 Na6 60. d8Q Nxc5 61. Nf5+ Kg6 62. Qd6+ Kf7 63. Qe7+ Kg6 64. Qg7# 1-0

[Event "FAI-chT2 1213"]
[Site "Faroe Islands"]
[Date "2012.11.25"]
[Round "4.3"]
[White "Skaale, Janus"]
[Black "Justinussen, Jeffri"]
[Result "0-1"]
[WhiteElo "1220"]
[BlackElo "1643"]
[PlyCount "102"]
[EventDate "2012.10.28"]
[EventType "team-tourn"]
[EventRounds "10"]
[EventCountry "FAI"]
[SourceTitle "EXT 2014"]
[Source "ChessBase"]
[SourceDate "2013.11.20"]
[SourceVersion "1"]
[SourceVersionDate "2013.11.20"]
[SourceQuality "1"]
[WhiteTeam "Klaksvik III"]
[BlackTeam "Havnin III"]
[WhiteTeamCountry "FAI"]
[BlackTeamCountry "FAI"]

1. e4 e5 2. Nf3 Nc6 3. Bc4 Be7 4. Nc3 Nf6 5. 0-0 d6 6. h3 a6 7. d3 Na5 8. Bb3 c5 9. Bg5 Nxb3 10. axb3 Be6 11. Ne2 h6 12. Bxf6 Bxf6 13. c4 g5 14. Nh2 h5 15. Nc3 Bg7 16. Nd5 Bxd5 17. cxd5 Qd7 18. Qd2 Bh6 19. Qe2 Bg7 20. Qe3 f6 21. Qf3 Ke7 22. g4 hxg4 23. Qxg4 Rxh3 24. Qxd7+ Kxd7 25. Kg2 Rxd3 26. Ra3 Rh8 27. f3 Rd2+ 28. Rf2 Rxf2+ 29. Kxf2 Rxh2+ 30. Kg3 Rxb2 31. Kg4 Bf8 32. Kf5 Be7 33. Kg4 Rd2 34. Kf5 Rd3 35. Kg4 c4 36. Kg3 Rxb3 37. Rxb3 cxb3 38. Kg4 b2 39. Kg3 b1Q 40. Kf2 Qd3 41. Kg3 b5 42. Kg2 g4 43. fxg4 Qxe4+ 44. Kg3 Qf4+ 45. Kg2 e4 46. g5 fxg5 47. Kg1 e3 48. Kg2 e2 49. Kh3 e1Q 50. Kg2 Qef2+ 51. Kh3 Q4g3# 0-1